Contemporary mathematics in context : a unified approach : Course 4 (Record no. 21500)

000 -LEADER
fixed length control field 00324nam a22001217a 4500
040 ## - CATALOGING SOURCE
Transcribing agency rua
082 ## - DEWEY DECIMAL CLASSIFICATION NUMBER
Classification number 510 MCG 2001 A005 Or.
100 ## - MAIN ENTRY--AUTHOR NAME
Personal name Coxford, Arthur F.
245 ## - TITLE STATEMENT
Title Contemporary mathematics in context : a unified approach : Course 4
260 ## - PUBLICATION, DISTRIBUTION, ETC. (IMPRINT)
Place of publication phnom penh
Name of publisher rua
Year of publication 2001
300 ## - PHYSICAL DESCRIPTION
Number of Pages xxi.703p.
Other physical details ill.
942 ## - ADDED ENTRY ELEMENTS (KOHA)
Koha item type ឯកសារស្រាវជ្រាវ
952 ## - LOCATION AND ITEM INFORMATION (KOHA)
Withdrawn status [LOCAL, KOHA] 0
Holdings
Permanent Location Date acquired Koha item type Lost status Shelving location Barcode Current Location Full call number
Library Block A2023-06-27ឯកសារស្រាវជ្រាវ A005a16795Library Block A510 MCG 2001 A005 Or.
មជ្ឈមណ្ឌលឯការនៃសាកលវិទ្យាល័យភូមិន្ទកសិកម្មចំការដូង

Powered by Koha